El pájaro canta hasta morir: el pájaro espino

I tiakina i:
Ngā taipitopito rārangi puna kōrero
Kaituhi matua: McCullough, Colleen (autora)
Hōputu: Pukapuka
Reo:Pāniora
I whakaputaina: Barcelona Plaza y Janés 1995
Putanga:18a. ed
Ngā marau:
Ngā Tūtohu: Tāpirihia he Tūtohu
Kāore He Tūtohu, Me noho koe te mea tuatahi ki te tūtohu i tēnei pūkete!

MARC

LEADER 00000cam a2200000 a 4500
001 UCD8825
003 CL-VaPUC
008 170527e19950000sp |||||||||||||||||spa|d
020 |a 8401490103 
082 0 4 |a A823  |b MCC  |2 21 
100 |a McCullough, Colleen  |e autora  |9 592361 
245 1 3 |a El pájaro canta hasta morir: el pájaro espino 
250 |a 18a. ed 
300 |a 607 p 
942 |c BK 
945 |d 20170527 00:32:00  |a dcastane 
260 |a Barcelona  |b Plaza y Janés  |c 1995 
650 0 |a Novelas australianas  |9 315909 
650 0 |a Literatura australiana  |9 353685 
583 |a last modification  |c 20170527 00:32:00  |k Rodrigo Vera 
999 |c 368133  |d 368131 
952 |0 0  |1 0  |3 erb  |4 0  |6 A_823_000000000000000_MCC_1995  |7 0  |8 C  |9 483400  |a BIBCUR  |b BIBCUR  |i 5378826  |o A823 MCC 1995  |p 5378826  |r 2025-04-22  |w 2019-11-24  |y BK  |z Catalogado en:20170527  |k CAC